000 00298nam a2200133Ia 4500
008 100328s9999 xx 000 0 und d
082 _b34657
100 _aDean R.Koontz
245 _aPhantoms
260 _bThe Poperback Division
630 _aPhantoms
730 _aPhantoms
942 _cBOOK
999 _c524769
_d524766